[Event "Euwe inter 2008-2009"]
[Site "?"]
[Date "2008.09.25"]
[Round "4"]
[White "Hovenga, Alje"]
[Black "Witt, Rob"]
[Result "0-1"]
[WhiteElo "2263"]
[BlackElo "2259"]
[Annotator "Witt"]
[PlyCount "125"]
[EventDate "2008.??.??"]

1. d4 d5 2. c4 c6 3. Nf3 Nf6 4. Nc3 dxc4 {Ik had eens zin in wat anders. In
mijn laatste drie zwartpartijen tegen Alje was de Moskouvariant op het bord
geweest, maar hoewel ik met 21/2-3 niet ontevreden was, gaat het toch vervelen.
} (4... e6 5. Bg5 h6 6. Bxf6 Qxf6) 5. a4 e6 {4'} ({De tekstzet is veel minder
gebruikelijk dan} 5... Bf5 {wat ik vorig seizoen tegen Rik Salomons speelde.
Het idee is dat zwart overschakelt naar het Aangenomen Damegambiet als wit 6.
e3 antwoordt. Wit heeft dan de extra zet a4, maar het is de vraag of dat zo
erg is. Bovendien speelt Alje tegen het Aangenomen Damegambiet 3.e4, zodat ik
vermoedde dat hij vanaf hier op eigen kracht aangewezen was. Wie zei ook al
weer dat de beste opening de opening is die je tegenstander niet kent?}) 6. e4
{3'} (6. e3 c5 7. Bxc4 Nc6 {is het Aangenomen Damegambiet.}) 6... Bb4 7. Bg5 {
10' Minder gebruikelijk en waarschijnlijk ook minder goed.} ({Meestal gaat het
verder met} 7. e5 Nd5 8. Bd2 b5 9. axb5 Bxc3 10. bxc3 cxb5 $13) 7... Bxc3+ $1 {
10'} ({Na} 7... b5 {zou Alje weer op bekend terrein zitten, want tegen de
Botwinnikvariant speelt hij het met a4.}) ({Weinig zin heeft} 7... Qa5 {wegens}
8. Bd2) 8. bxc3 Qa5 9. e5 {21'} Ne4 {12'} 10. Bd2 Nxd2 $6 {A tempo gespeeld.} (
{Veel beter is eerst} 10... Qd5 $1 {eventueel gevolgd door c5 wat als
bevredigend voor zwart geldt.}) 11. Qxd2 {26'} Qd5 {15'} 12. Qg5 $2 {29' Een
merkwaardige zet waar Alje meteen spijt van had. De bedoeling was om veld d2
vrij te maken voor het paard.} (12. Qe3 {gaf Alje als verbetering aan.}) ({
Nirav wees me op een andere sterke manoeuvre} 12. Be2 c5 13. O-O O-O $6 ({
Beter lijkt} 13... Nc6 {met de bedoeling om na} 14. Qa2 {de pion te kunnen
dekken met} Na5 {Hoewel wit ook dan beter lijkt te staan na} 15. Rad1) 14. Qa2
$1 cxd4 15. Bxc4 Qe4 16. Rfe1 Qf4 17. Bd3 g6 $6 18. Re4 $16 Qh6 19. Rh4 Qg7 20.
cxd4 Rd8 21. Ng5 h6 22. Ne4 Nc6 23. Nf6+ Kh8 24. Qb2 Ne7 25. Qc1 g5 26. Rg4 Nd5
27. Nh5 Qf8 28. h4 f5 29. exf6 Nxf6 30. Nxf6 Qxf6 31. hxg5 hxg5 32. Ra3 Rd5 33.
Be4 {1-0 Shulman,Y (2596)-Vigorito,D (2331)/Las Vegas 2002}) ({Beginnen met} 
12. Qa2 $5 {lijkt me ook beter voor wit.}) 12... O-O {17'} 13. Be2 c5 {22'} 14.
O-O {30'} Nc6 15. Rfd1 $2 {Wit nog 54'} ({Beter was} 15. dxc5 Qxc5 $13) 15...
cxd4 {Zwart nog 58'} 16. cxd4 Na5 {55' Ik had deze zet in eerste instantie van
een uitroepteken voorzien, maar ten onrechte. Zie Niravs commentaar bij zet 17.
} ({Ik geeft achteraf de voorkeur aan} 16... b6 {En heel voorzichtig wil ik
beweren dat zwart hierna iets beter staat.}) 17. Nd2 $2 {50' Zwart stond al
beter, en hierna op winst. Alje had mijn 18e zet gemist.} (17. Ra3 $15) ({
Nirav schreef me dat hij zich nauwelijks kan voorstellen dat zwart beter staat
en suggereert} 17. Qh4 $1 {Ik citeer: "Waarom staat zwart beter? Wit heeft een
duidelijk aanvalspatroon (Pf3-g5-e4-f6) evt. in combinatie met Ta3. Bovendien
dekt Dh4 veld d4 nog een keer, zodat het paard kan zetten. Zwart heeft een
heel passieve koningsvleugel. Dat is naar mijn idee ALTIJD genoeg voor remise
voor de aanvaller. Bijv. de dikhout-kopdoormuur-variant voor wit (daar begin
ik altijd mee zoals je weet). Zelfs die leidt minimaal tot remise:} Nb3 ({
RW: Die zet van zwart bevalt me totaal niet. De DK-variant van Nirav klopt als
een bus als zwart meewerkt. Voor de hand ligt het verhinderen van Pg5 met} 
17... h6 {Maar dan gaat het witte paard via een andere weg naar e4. Een
aardige variant is} 18. Nd2 c3 (18... Kh8 19. Rac1 $14) ({Het beste lijkt} 
18... Qd8 {maar dan is van zwart voordeel geen sprake na bijv.} 19. Qxd8 Rxd8
20. Nxc4 Nb3 21. Ra3 Nxd4 22. Bh5 Nc6 (22... g6 23. Rad3 $14) 23. Rxd8+ Nxd8
24. Rd3 Nc6 25. f4 Kf8 26. Nd6 {met meer dan voldoende compensatie voor de
pion.}) 19. Ne4 c2 (19... Qb3 20. Rdb1 Qc2 21. Qg4) 20. Nf6+ $1 Kh8 (20... gxf6
21. Rd3 $18) 21. Nxd5 cxd1=Q+ 22. Rxd1 exd5 23. g4 {met groot voordeel.}) 18.
Ng5 ({Beter} 18. Ra3 {RW: Dat lijkt me niet.}) 18... h6 19. Ne4 Nxa1 20. Nf6+
gxf6 21. Bf3 $1 {Einde citaat. Een leerzaam geheel. Nirav heeft groot gelijk.
Van zwart voordeel is geen sprake.}) 17... c3 $1 {49'} ({Veel beter dan} 17...
f5 18. Qe3) 18. Bf3 {49'} Qd8 $1 {48'} ({Alje had alleen gekeken naar} 18...
Qxd4 $2 19. Ne4 {met voordeel voor wit.}) 19. Ne4 {47'} ({Een andere
mogelijkheid was} 19. Qxd8 Rxd8 20. Ne4 {Zwart moet dan scherp voortzetten met}
c2 21. Rd3 {Op andere torenzetten volgt Pb3.} Bd7 22. Nd6 Rac8 $1 23. Nxc8 Rxc8
24. Rc1 Bxa4 25. Rd2 b5 {met groot voordeel.}) 19... Qxg5 20. Nxg5 Nb3 $2 {46'}
({Sterker was} 20... c2 21. Rd3 Bd7 22. Rc1 Bxa4 {Ik had het wel gezien, maar
ik dacht dat wit nog kon rommelen met} 23. d5 {Maar na} h6 24. Ne4 Rac8 {
staat zwart op winst. Bijv.} 25. dxe6 fxe6 26. Bg4 Rfe8 27. Nd6 (27. Nc3 Rc4
28. Nxa4 Rxg4 29. Nb2 Rc8 30. Rd2 Rb4 31. Rcxc2 Rxc2 32. Rxc2 Nc4 33. Rxc4 Rxb2
$19) 27... Nb3 $19) 21. Ra2 {45'} Rd8 {42'} (21... Bd7 $5) 22. d5 {43'} Nd2 {
32'} ({Mijn oorspronkelijke bedoeling was} 22... exd5 23. Bxd5 $2 ({Maar ik
zag toen} 23. Rc2 {wat me niet zo duidelijk leek na} Nd2 24. Rxc3 Nxf3+ 25.
Nxf3 {Maar zwart staat toch wel duidelijk beter na} Bd7 26. a5 Rac8 $17) 23...
Rxd5 $1 24. Rxd5 Bf5 $17) ({In aanmerking kwam ook} 22... h6 23. Ne4 Rxd5 24.
Rxd5 exd5 25. Nxc3 d4) 23. d6 {36'} Nc4 {23'} (23... f6 $5) 24. Rc2 {30'} ({
Ik verwachtte} 24. Re1 h6 25. Nh3 f6 $15) 24... Nxe5 {21'} 25. Rxc3 h6 {19'}
26. Ne4 {29'} Bd7 27. Be2 $2 {28'} (27. a5 Rac8 $17) 27... Bxa4 {18'} 28. Rd4 {
27'} Bc6 {Alje beseft dat hij verloren staat en probeert met agressief spel
verwarring te zaaien in de opkomende tijdnood.} 29. f4 {25'} Nd7 {16'} (29...
Ng6 30. Nc5 Ne7 $5) 30. g4 {21'} Rac8 {15'} (30... Bxe4 {Eenvoudiger was} 31.
Rxe4 Nf6 32. Rd4 Nd5 $19) 31. Ra3 a6 {14'} 32. g5 {20'} hxg5 {12'} 33. Nxg5 Nf6
34. f5 {18'} e5 {10'} ({Er was niks tegen} 34... exf5 35. Bc4 Rd7 $19) 35. Rh4
{17'} Rxd6 {8'} ({Mijn eerste gedachte} 35... Bd5 {was nog sterker. bijv.} 36.
Rah3 g6 37. fxg6 fxg6 38. Bd3 Kg7 $19) 36. Rah3 (36. Rh8+ Kxh8 37. Nxf7+ Kg8
38. Nxd6 Rd8 $19) 36... Kf8 37. Rh8+ {15'} (37. Re3 e4 38. Rh8+ Ng8 39. Bc4 Bd5
40. Bxd5 Rxd5 41. Rxe4 $19) 37... Ng8 38. Re3 {12'} Rh6 {3'} (38... Ke7 39.
Rxe5+ Kf6 40. Nxf7) 39. Nh7+ Ke7 40. Rxe5+ {11'} Kd6 41. Re3 Bd5 42. h3 {7'} f6
{Allebei 10' erbij, want we waren wat later begonnen. Ik sta gewonnen, maar
met uitvluggeren weet je het nooit.} 43. Rg3 {17'} Ne7 {10'} 44. Rxc8 Nxc8 45.
Rxg7 Ne7 {9'} 46. Nf8 {14'} Nxf5 47. Rd7+ Kc6 48. Bg4 {13'} Nd6 {8'} 49. Re7 {
12'} f5 50. Be2 Rxh3 {7'} 51. Nd7 Rh1+ 52. Kf2 Ne4+ 53. Ke3 Kd6 {6'} (53... Nc3
$5) 54. Rg7 {11'} Be6 55. Nf8 {10'} Ke5 {5'} 56. Nxe6 {9'} (56. Re7 Rh3+ 57.
Bf3 Ng5 58. Nxe6 Nxe6) 56... Rh3+ 57. Bf3 Kxe6 58. Kf4 b5 59. Ra7 Rh4+ (59...
Nc5 60. Rc7 Nd3+) 60. Ke3 Nc5 61. Rc7 Rc4 {Vanaf hier heb ik niet meer
genoteerd.} 62. Rc6+ Ke5 63. Rc8 {en zwart won na nog een tiental zetten.} 0-1

[Event "Euwe intern 2008-2009"]
[Site "?"]
[Date "2008.10.16"]
[Round "7"]
[White "Witt, Rob"]
[Black "Ritzema, Rob"]
[Result "1-0"]
[WhiteElo "2259"]
[BlackElo "1991"]
[Annotator "Witt"]
[PlyCount "70"]
[EventDate "2008.??.??"]

1. Nf3 Nf6 2. c4 e6 3. Nc3 b6 {6'} 4. g3 {6'} (4. e4 $5) 4... Bb7 5. Bg2 Bb4 {
10' Minder gebruikelijk dan de alternatieven:} (5... Be7) (5... c5) 6. O-O O-O
7. Re1 {13' Dat speelt niemand in deze stelling en ik voortaan ook niet meer.}
(7. d3) (7. Qc2) 7... d5 {13'} 8. cxd5 {15'} exd5 (8... Nxd5 $5) 9. d4 c5 $6 {
17' Ik zou die zet liever spelen met de zwarte loper binnen de keten.} (9...
Ne4) 10. a3 {17'} Bxc3 {23'} 11. bxc3 Ne4 {31'} (11... Nbd7 {lijkt me gezonder.
}) 12. dxc5 {22'} bxc5 $6 {42'} (12... Nxc5 13. Bf4 $14) 13. Qc2 $6 {Over 53'}
({Ik heb lang over} 13. Nd2 {nagedacht, en achteraf lijkt me dat toch sterker.
Ik geloof dat ik het naliet wegens} f5 {Maar dan lijkt} (13... Nxd2 14. Qxd2
$14) 14. Nxe4 fxe4 15. f3 {toch wel goed voor wit.}) 13... Nc6 $6 {Over 42'.
Zwart wil zo snel mogelijk zijn ontwikkeling voltooien. Beter was echter} (
13... Qf6 {bijv.} 14. Rb1 Bc6 15. c4 d4 $13) 14. c4 $14 {48'} Qf6 $6 {38'} (
14... Re8) 15. Bb2 {44'} ({De computers geven de voorkeur aan} 15. Bf4 $1 {
een zet waar ik niet eens naar gekeken heb. Op} g5 {volgt dan} (15... Nd4 16.
Nxd4 cxd4 17. Qb2 Bc6 18. cxd5 Bxd5 19. Rad1 $16) 16. cxd5 gxf4 17. Qxe4 $16)
15... Nd4 {33'} 16. Bxd4 cxd4 17. cxd5 {41'} (17. Qb2 $1 {was nauwkeuriger.})
17... Nc3 $2 {31' Nu komt wit een gezonde pion voor.} ({Beter was gewoon} 17...
Bxd5 18. Qd3 Rfd8 {met het idee} 19. Qxd4 $2 ({Beter} 19. Rac1 $14) 19... Qxd4
20. Nxd4 Nxf2 $1 $11 {en zwart wint de pion terug.}) 18. Qd3 {40'} Ba6 {
27' Ziet er aardig uit, maar helpt niet.} 19. Qd2 $1 d3 {15'} 20. exd3 Nxd5 21.
Ne5 $1 $16 {35'} Rad8 {13'} 22. d4 {28' Ik had hier ook naar allerlei
torenzetten gekeken, maar de tekstzet lijkt het beste omdat die toch een keer
moet en het nog niet duidelijk is waar Ta1 heen moet.} Qd6 {11'} 23. Qa5 {
26' Rybka en Fritz vinden dit ook de beste, maar ze missen net als ik iets op
zet 26.} (23. Rac1 $16 {was het sterkste geweest.}) 23... f6 $1 {8' Eerlijk
gezegd hoopte ik hier op en de computers ook.} 24. Bxd5+ Qxd5 25. Qxa6 {
A tempo gespeeld in de veronderstelling dat ik snel ging winnen.} (25. Qxd5+
Rxd5 26. Nc6 Rd6 27. Rac1 $14) 25... fxe5 {Pas nu drong het tot me door dat
het niet zo eenvoudig was.} 26. Rxe5 {17'} ({Het zal wel aan mijn oude pc
liggen, maar ook Rybka en Fritz zien pas na een tijdje dat} 26. dxe5 $4 {
faalt op} Rxf2 $1 27. Kxf2 Rf8+ {en wit kan niet aan eeuwig schaak ontsnappen.}
) 26... Qxd4 {6'} 27. Qe6+ Kh8 {5'} 28. Rf1 {Het is nog maar de vraag of mijn
pluspion voldoende is voor de winst, maar in de praktijk heb ik goede kansen
omdat zwart in tijdnood komt.} Rd6 $6 (28... h6) 29. Rf5 $1 {15' Zo'n
onverwacht zetje dat zwart weer tijd kost.} Rfd8 {3'} 30. Qe7 {14'} (30. Qf7 $5
h6 31. Re1 $16) 30... h6 {2'} 31. Rf4 {13'} Qd5 $2 (31... Qd3 $1 32. Qxa7 Ra6)
32. Qxa7 $18 {12'} Ra8 {0.26"} 33. Qe3 (33. Qe7 $5) 33... Rda6 {0.06"} 34. a4
$2 {11'} (34. Ra1) 34... Re6 $2 {0.02"} (34... Qa2 $1) 35. Qc3 Rc6 {vlag. Als
Rob Ritzema wat harder was geweest in de tijdnoodfase had ik vast niet
gewonnen.} 1-0

[Event "Trainingspartij"]
[Site "?"]
[Date "2008.10.30"]
[Round "?"]
[White "Witt, Rob"]
[Black "Westera, Bert"]
[Result "1-0"]
[WhiteElo "2259"]
[BlackElo "1963"]
[Annotator "Witt"]
[PlyCount "85"]
[EventDate "2008.??.??"]

{Bert en ik hadden niet zo veel zin om mee te doen aan het
snelschaakkampioenschap van Euwe en we besloten om een serieuze partij te
spelen. Piet van der Weide vroeg nog bezorgd of deze partij ook meetelde voor
de interne, maar ik kon hem geruststellen dat dat niet het geval was..} 1. d4
Nf6 2. c4 c5 3. d5 e5 {De Benoni Wall. Meestal speelt Bert het Wolga Gambiet,
maar hij vertelde  dat hij gecharmeerd was van enkele partijen van Nisipeanu
en Aronian met de Wall. Mijn kennis beperkt zich tot een oude partij
Spassky-Ghitescu die ik begin jaren 70 goed bestudeerd had n.a.v. een
nederlaag tegen (vader) Joop Piket. Die kennis kwam 15 jaar later goed van pas
toen (zoon) Marcel Piket mij met die opening tevergeefs probeerde te verrassen
in de knsb. Daar na heb ik het nooit meer tegen me gehad  totdat Rob Bödicker
het vorig seizoen tegen mij speelde.} 4. Nc3 d6 5. e4 Nbd7 6. Bd3 {5'} Be7 {
2'  Spassky nam een opsteling in met h3, g4, Pf3, De2, Lh6(e3), 0-0-0, Tag1,
en aanvallen maar.} 7. g4 {6'   Op dit moment ongebruikelijk.} (7. Nf3) (7.
Nge2) 7... g6 {5'} 8. Qe2 {12'} ({Dit leek me nauwkeuriger dan} 8. h3 {omdat
ik na een eventueel} h5 9. g5 Nh7 10. h4 {een tempo heb verloren.}) 8... O-O {
14'} 9. Bh6 {14'  Normaal kan deze zet beantwoord worden met Pe8-g7 waarna
zwart vervolgt met Kh8, Pd7-f6-g8 met een solide stelling.} Re8 10. h3 Bf8 {19'
} 11. Qd2 {21'  Het is moeilijk te zeggen of ik de loper terug had moeten
spelen.} Bg7 {33'} 12. Nge2 Nb8 {41'} 13. Ng3 {25'} Na6 14. O-O-O {30'} Nc7 {
42'} 15. Rdg1 {Vanaf dit moment moeten beide partijen vootdurend rekening
houden met een paardoffer op f5.} Rf8 {Zwart nog 38'.} 16. f3 {Wit nog 55'.} ({
Kansrijk lijkt ook} 16. Bxg7 Kxg7 17. g5 {gevolgd door h4.}) 16... a6 {35'} 17.
h4 {50'} ({Achteraf vonden we} 17. Bg5 {beter, maar met de tekstzet is niks
mis.}) ({Ook kansrijk lijkt} 17. Nf5 $5 {Bijv.} Bxf5 (17... Bxh6 18. Qxh6 Nce8
19. h4 $16) 18. Bxg7 Kxg7 19. exf5 {met gevaarlijke aanvalskansen.}) 17... Bxh6
{25'} 18. Qxh6 Kh8 19. Qd2 {43'} ({De computers geven de voorkeur aan} 19. h5
Ng8 20. Qe3 {maar ik zag niet hoe het verder moet na} g5 21. h6 f6 {En eerlijk
gezegd zie ik dat nu nog steeds niet.}) 19... Kg7 {13'} (19... b5) 20. h5 {
Ongeveer hier moesten we grinnikend constateren dat het bij het snelschaken
met dat ronde tafelsysteem weer eens grondig in de soep gelopen was. Er is
altijd wel iemand die verkeerd gaat zitten waardoor het systeem niet meer
klopt.} (20. g5 $1 {vonden we achteraf sterker.} Nd7 21. h5 Kg8 22. hxg6 fxg6
23. Nf5 $1 {Fritz komt nu met het fraaie} Nb6 24. f4 $1 ({Rybka geeft} 24. Qh2
Qd7 25. Nxd6) 24... exf4 (24... gxf5 25. g6 $1 $18) 25. Rxh7 $1 Bxf5 26. Qh2 {
met winst.}) 20... Rh8 {10'} 21. Rh2 {34'} ({De computers zijn erg enthousiast
over} 21. h6+ Kf8 22. g5 Nd7 23. Nf1 {Ik zie dat nog niet zo. Om verder te
komen zal wit f4 moeten voorbereiden, maar komt veld e5 vrij voor een zwart
paard.}) 21... b5 {5'} 22. Bc2 {33'} (22. Kb1 $5) 22... bxc4 23. a4 {Houdt het
zwarte paard weg van b5 en d4.} Rb8 24. Rgh1 Bd7 {4'} 25. hxg6 fxg6 26. Qh6+
Kf7 27. Qg5 Qe7 (27... Rb4 $2 28. Rxh7+) 28. Rh6 {29'} Rbg8 {3'  Bert heeft
alles gestut, maar weinig tijd.} 29. Nd1 {25'} Rg7 30. Qd2 {24'  Op de
koningsvleugel kom ik er niet doorheen. Tijd om te switchen naar de
damevleugel.} Ng8 31. R6h2 Qf6 32. Ne3 Qf4 {2'} 33. Ne2 c3 34. Qxc3 {21'} Qg5
35. Kb1 {20'} Nf6 {1'} 36. Nc4 Ke7 37. Nc1 {18'} Rb8 38. Nd3 ({De computers
geven} 38. Nxd6 $1 Kxd6 39. Nd3 $18 {Bijv.} Bc8 40. Qxc5+ Kd7 41. Qa7 Ra8 42.
Qb6 a5 43. Nc5+ Ke8 44. d6 Ra6 45. Nxa6 Nxa6 46. Qc6+ Kd8 47. Bd3 {enz.}) 38...
Nfe8 $2 ({Noodzakelijk was} 38... Nce8 {Waarna ik waarschijnlijk had vervolgd
met} 39. Qa5 $16 ({Kansrijk is ook} 39. Ncxe5 dxe5 40. Qxc5+ Kf7 41. d6 Kg8 42.
Nxe5 Be6 43. d7 $16)) 39. Rxh7 {17'} Qf6 40. Rxg7+ {12'} Nxg7 41. f4 $1 exf4
42. e5 dxe5 43. d6+ {En Bert feliciteer de me. Het bleef nog lang gezellig in
de bar. Ik geloof dat ik om half twee als een van de eersten wegging.} 1-0